[Event "Fremont Weibel-South Bay"]
[Site "Fremont"]
[Date "2001.12.02"]
[Round "2"]
[White "McGee, Ryan"]
[Black "Tsui, Brian"]
[Result "0-1"]
[WhiteElo "980"]
[BlackElo "1085"]
[PlyCount "130"]
[EventDate "2001.12.02"]
[EventType "match"]
[EventRounds "2"]
[EventCountry "USA"]
[SourceTitle "EXT 2009"]
[Source "ChessBase"]
[SourceDate "2008.11.26"]
[SourceVersion "1"]
[SourceVersionDate "2008.11.26"]
[SourceQuality "1"]

1. e4 e5 2. Nf3 Nf6 3. Nxe5 d6 4. Nf3 Be7 5. Bc4 d5 6. exd5 Nxd5 7. 0-0 0-0 8. Nc3 Nxc3 9. bxc3 Nc6 10. Ba3 Bxa3 11. Bb5 Bd7 12. Rb1 a6 13. Bxc6 Bxc6 14. Nd4 Bd5 15. Nb3 Qg5 16. g3 Qh6 17. Qg4 f5 18. Qd4 Rad8 19. Nc5 Bxc5 20. Qxc5 Qh3 21. f3 c6 22. Rxb7 Rde8 23. Qd4 Rf7 24. Rxf7 Kxf7 25. Qh4 Qxh4 26. gxh4 Re2 27. Rf2 Rxf2 28. Kxf2 Bxa2 29. Ke3 Bb1 30. Kd3 Kg6 31. c4 Kh5 32. Kc3 Ba2 33. c5 Kxh4 34. Kd4 Kh3 35. Ke5 g6 36. Kd6 Bd5 37. c4 Bxf3 38. d4 a5 39. d5 a4 40. dxc6 Bxc6 41. Kxc6 a3 42. Kd7 a2 43. c6 a1Q 44. c7 Qa7 45. Kd8 Qd4+ 46. Ke8 Qxc4 47. Kd8 f4 48. c8Q+ Qxc8+ 49. Kxc8 f3 50. Kd8 f2 51. Ke7 f1Q 52. Ke8 Qf4 53. Kd7 Qe3 54. Kc6 Qd4 55. Kb5 Qc3 56. Kb6 Qc4 57. Kb7 Qc5 58. Kb8 Qc6 59. Ka7 Qb5 60. Ka8 Kg4 61. Ka7 Kf5 62. Ka8 Ke6 63. Ka7 Kd7 64. Ka8 Kc7 65. Ka7 Qb7# 0-1